Lo que se quiso ocultar : 8 años de censura sandinista /
El documento presenta un análisis acerca del monopolio estatal de los medios de comunicación social y de la férrea Sandinista trató de ocultar a sus conciudadanos y al mundo y en cierta medida también a la posteridad, el diario acontecer de su país.
Сохранить в:
| Главный автор: | |
|---|---|
| Формат: | |
| Язык: | Spanish |
| Опубликовано: |
Escazú, CR
Libro Libre
1989
|
| Редактирование: | 1. edición |
| Серии: | Serie Democracia Hoy
|
| Предметы: | |
| Метки: |
Добавить метку
Нет меток, Требуется 1-ая метка записи!
|
MARC
| LEADER | 00000nam a22000007a 4500 | ||
|---|---|---|---|
| 003 | cru CIDCACS/IIS | ||
| 005 | 20231010144755.0 | ||
| 008 | 170303b1988 cr ||||| |||| 00| ||spa d | ||
| 020 | |a 9977-901-84-8 | ||
| 040 | |c CRAI/IIS |a CRAI/IIS | ||
| 090 | |a 04.03.01 C266q | ||
| 100 | 1 | |9 3238 |a Cardenal Chamorro, Roberto | |
| 245 | 1 | 0 | |a Lo que se quiso ocultar : |b 8 años de censura sandinista / |c Roberto Cardenal Ch. |
| 250 | |a 1. edición | ||
| 260 | |a Escazú, CR |b Libro Libre |c 1989 | ||
| 300 | |a 481 páginas | ||
| 440 | 0 | |9 3239 |a Serie Democracia Hoy | |
| 500 | |a Colección Alforja | ||
| 520 | 3 | |a El documento presenta un análisis acerca del monopolio estatal de los medios de comunicación social y de la férrea Sandinista trató de ocultar a sus conciudadanos y al mundo y en cierta medida también a la posteridad, el diario acontecer de su país. | |
| 650 | 1 | 0 | |9 3240 |a SANDINISMO |
| 650 | 4 | |9 2646 |a RELACIONES INTERNACIONALES | |
| 650 | 1 | 0 | |9 2449 |a SALUD |
| 650 | 1 | 0 | |9 143 |a ECONOMIA |
| 650 | 1 | 0 | |a DERECHO DEL TRABAJO |9 1478 |
| 650 | 1 | 0 | |9 3242 |a LIBERTAD DE OPINION |
| 650 | 1 | 0 | |9 606 |a CENSURA |
| 650 | 0 | |9 1860 |a IGLESIA | |
| 650 | 1 | 0 | |9 944 |a EDUCACION |
| 650 | 1 | 0 | |9 243 |a ESTADO |
| 650 | 1 | 0 | |9 2228 |a SINDICALISMO |
| 650 | 1 | 0 | |9 3241 |a PERIODISMO |
| 650 | 1 | 0 | |9 136 |a HISTORIA |
| 650 | 1 | 0 | |a POLITICA |9 3691 |
| 942 | |2 ddc |c LI |h 04.03.01 C266q |i 19277 |6 040301_C266Q_19277 | ||
| 999 | |c 18969 |d 18969 | ||



